| 000 | 00450nam a2200169Ia 4500 | ||
|---|---|---|---|
| 008 | 230718s9999 xx 000 0 und d | ||
| 020 | _a9780141021478 | ||
| 041 | _aeng | ||
| 082 |
_a523.109 _bGRI |
||
| 100 |
_aGribbin J. _9170863 |
||
| 245 |
_aUniverse _bA Biography |
||
| 260 |
_c2008 _bPenguin Books |
||
| 300 | _a242 | ||
| 365 |
_cRs. _b399.00 |
||
| 700 |
_aGribbin J. _9170863 |
||
| 906 |
_dO:0279811-Apr-2012B:1108609-Apr-2012 _cGENRL _b99.75 |
||
| 999 |
_c330476 _d330476 |
||